000 00634nam a2200241Ia 4500
003 OSt
005 20221007063004.0
006 a|||||r|||| 00| 0
007 ta
008 221006b |||||||| |||| 00| 0 eng d
024 _a25,871
037 _cTextual
040 _aFLL
_cFLL
_beng
041 _2eng
_aeng
082 _aZ2:805, H5
100 _aJhabvala Noshirvan H.
_9101170
245 0 _aCriminal procedure code
250 _a4th
260 _aBombay
_bN.M. Tripathi Ltd. India
_c1945
300 _avi,1-191p
_ccm.
942 _hZ2:805, H5
_cTEXL
_2CC
999 _c1130045
_d1130045